00489 2200193 4500001002100000005001500021008004100036020001800077035001900095041000700114082000800121090001400129100001900143245004600162250001000208260003700218300002700255650001300282INLIS00000000001239220241224114345241224||||||||| | ||| |||| || |  a979-794-090-x 0010-1224012392 aid0 a005 a005 HID l0 aTaufik Hidayat00aLangkah Mudah Meraup Dolar Lewat Internet aCet.4 aJAKARTA SELATANbMediakitac2007 a88 hlm,; 15 cm x 23 cm 0aInternet